[Event "Edmonton-ch"]
[Site "Edmonton"]
[Date "2017.01.05"]
[Round "1.1"]
[White "Efemuai, Martins Oteri"]
[Black "Briones, Dante"]
[Result "0-1"]
[WhiteElo "2165"]
[BlackElo "2004"]
[PlyCount "44"]
[EventDate "2017.01.05"]
[EventType "k.o."]
[EventRounds "4"]
[EventCountry "CAN"]
[SourceTitle "EXT 2022"]
[Source "ChessBase"]
[SourceDate "2021.10.06"]
[SourceVersion "1"]
[SourceVersionDate "2021.10.06"]
[SourceQuality "1"]

1. Nf3 Nf6 2. d4 d5 3. Bf4 Bg4 4. h3 Bxf3 5. exf3 e6 6. Nc3 c5 7. Nb5 Na6 8. c3 Be7 9. dxc5 Bxc5 10. b4 Be7 11. Bd3 0-0 12. 0-0 Qd7 13. Be5 Qd8 14. Qe2 Nd7 15. Bh2 Bf6 16. a4 g6 17. Rac1 e5 18. Rfd1 Nc7 19. Nd6 Rb8 20. a5 a6 21. c4 Qe7 22. c5 Rfd8 0-1

[Event "Edmonton-ch"]
[Site "Edmonton"]
[Date "2016.01.14"]
[Round "1.2"]
[White "Villavieja, Butch"]
[Black "Efemuai, Martins Oteri"]
[Result "0-1"]
[WhiteElo "2113"]
[BlackElo "2093"]
[PlyCount "127"]
[EventDate "2016.01.07"]
[EventType "k.o."]
[EventRounds "4"]
[EventCountry "CAN"]
[SourceTitle "EXT 2019"]
[Source "ChessBase"]
[SourceDate "2018.10.10"]
[SourceVersion "1"]
[SourceVersionDate "2018.10.10"]
[SourceQuality "1"]

1. e4 c5 2. Nf3 Nc6 3. Bb5 g6 4. Bxc6 bxc6 5. d3 Bg7 6. Nc3 d6 7. h3 h6 8. 0-0 Rb8 9. Re1 e5 10. b3 Ne7 11. Na4 0-0 12. c3 f5 13. Bb2 g5 14. Nh2 Kh8 15. d4 fxe4 16. dxe5 Bxe5 17. Qh5 Kh7 18. Rxe4 Bf5 19. Ree1 Bg6 20. Qe2 Nf5 21. Ng4 Bg7 22. Rad1 Qc7 23. Qd2 Qf7 24. Ne3 Nh4 25. c4 Bd4 26. Qe2 Qf4 27. Bxd4 cxd4 28. Nf1 Rbe8 29. Qd2 c5 30. Qxf4 gxf4 31. Nb2 f3 32. g3 Ng2 33. Rxe8 Rxe8 34. Nd3 a5 35. Nh2 Bxd3 36. Rxd3 Re2 37. Nxf3 Ne1 38. Nxe1 Rxe1+ 39. Kg2 Re2 40. a4 Kg6 41. Kf3 Rc2 42. g4 Kg5 43. Ke4 Rxf2 44. Kd5 Kf4 45. Kxd6 Rf3 46. Rd1 Ke3 47. Kxc5 d3 48. Kb5 Ke2 49. Rb1 d2 50. Kxa5 Rxb3 51. Rxb3 d1Q 52. Rb5 Qd8+ 53. Kb4 Qd2+ 54. Kb3 Qd3+ 55. Kb4 Qxh3 56. a5 Qxg4 57. a6 Qd4 58. Ra5 Qb6+ 59. Ka4 Kd3 60. c5 Qb2 61. Rb5 Qa2+ 62. Kb4 Qxa6 63. Ra5 Qc4+ 64. Ka3 0-1

[Event "Toronto Labour Day op"]
[Site "Toronto"]
[Date "2012.09.02"]
[Round "3"]
[White "Knox, Christopher"]
[Black "Efemuai, Martins Oteri"]
[Result "1-0"]
[WhiteElo "2190"]
[BlackElo "2237"]
[PlyCount "78"]
[EventDate "2012.09.01"]
[EventType "swiss"]
[EventRounds "6"]
[EventCountry "CAN"]
[SourceTitle "EXT 2022"]
[Source "ChessBase"]
[SourceDate "2021.10.06"]
[SourceVersion "1"]
[SourceVersionDate "2021.10.06"]
[SourceQuality "1"]

1. d4 Nf6 2. c4 c5 3. d5 Ne4 4. Qc2 Qa5+ 5. Nd2 Nd6 6. e4 g6 7. a3 Bg7 8. f4 Na6 9. Rb1 0-0 10. Bd3 b5 11. b3 Rb8 12. e5 bxc4 13. bxc4 Rxb1 14. Qxb1 Ne8 15. Ngf3 d6 16. Ke2 Bg4 17. h3 Bxf3+ 18. Nxf3 Nec7 19. Bb2 Rb8 20. Qc2 Qb6 21. Rb1 e6 22. Bc1 Qxb1 23. Qxb1 Rxb1 24. Bxb1 Bf8 25. exd6 Bxd6 26. dxe6 Nxe6 27. g3 Nb8 28. Be4 Nd7 29. Bb2 Nb6 30. Kd3 h5 31. Bd5 Nc7 32. Bc6 Kf8 33. Ng5 Ne8 34. Ne4 Be7 35. g4 hxg4 36. hxg4 Nc7 37. f5 Kg8 38. Be5 gxf5 39. gxf5 Nba8 1-0